| 000 | 01133nam a22003497a 4500 | ||
|---|---|---|---|
| 003 | CHAP | ||
| 005 | 20220329133119.0 | ||
| 008 | 971013s1990 r 00010 d | ||
| 010 | _a2304 | ||
| 011 | _a3276 | ||
| 035 | _a2476 | ||
| 040 | _cCHAP | ||
| 090 | _aFolleto 12603 | ||
| 100 | 0 | 0 |
_aHernández Jasso, Arturo. _954186 |
| 245 | _aGuía para producir algodón en el sur de Sonora | ||
| 260 |
_aCd. Obregón, Son. : _bINIFAP. Campo Experimental Valle del Yaqui, _c1990 |
||
| 300 | _a24 p. | ||
| 500 | _aD45-87 | ||
| 590 |
_aBATCH-UPD _b10 _c20130110 _lUCH01 _h0030 |
||
| 590 |
_aBATCH-UPD _b10 _c20130110 _lUCH01 _h2130 |
||
| 590 |
_aBATCH-UPD _b10 _c20130409 _lUCH01 _h2013 |
||
| 590 |
_aBATCH-UPD _b10 _c20130410 _lUCH01 _h1439 |
||
| 590 |
_aBATCH-UPD _b10 _c20130914 _lUCH01 _h1610 |
||
| 590 |
_aCONVERSION _b10 _c20130109 _lUCH01 _h1303 |
||
| 650 | 1 | 4 |
_aAlgodon _xFechas de siembra. _94013 |
| 650 | 1 | 4 |
_aAlgodon _xSonora. _94060 |
| 650 | 1 | 4 |
_aAlgodon _xVariedades. _94068 |
| 901 | _aBK | ||
| 942 | _cFOLL | ||
| 949 |
_aFolleto 12603 _bBC _cFOLL _d-11977 _eTS1 _i2476 _si |
||
| 949 |
_aFolleto 12603 _bBC _cFOLL _d-73257 _eTS2 _fc.2 _i2476 _si |
||
| 999 |
_c2304 _d2304 |
||